| LEADER |
00774nam0a2200205 450 |
| 001 |
16841113 |
| 010 |
|
|
|a 978-2-36902-168-1
|b rel.
|d 17,5
|
| 100 |
|
|
|a 20221128d2022 u u0frey01 ba
|
| 101 |
1 |
|
|a fre
|c ita
|
| 102 |
|
|
|a FR
|
| 200 |
0 |
|
|a soupe Lepron (La)
|f de Giovanna Zoboli
|g illustrations, Mariachiara Di Giorgio
|
| 207 |
|
1 |
|a
|
| 210 |
|
|
|a [Montreuil]
|c les Fourmis rouges
|d 2022
|
| 215 |
|
|
|a 1 vol. (non paginé [41] p.)
|c ill. en coul.
|d 27 cm
|
| 330 |
|
|
|a Personne ne sait pourquoi la soupe de Monsieur Lepron est si bonne.
|
| 700 |
|
0 |
|a Zoboli
|b Giovanna
|f 1962-....
|4 70
|
| 702 |
|
0 |
|a Di Giorgio
|b Mariachiara
|f 1983-....
|4 440
|
| 900 |
|
|
|a Album
|
| 901 |
|
|
|a Accessible au prêt
|
| 995 |
|
|
|a Bibliothèque
|c Bibliothèque
|f 024023094
|h 024023094
|k A ZOB
|o p
|q j
|r az
|e Bibliothèque
|